Central Library OPAC University of Rajshahi

Evaluating federally sponsored programs / (Record no. 5731)

MARC details
000 -LEADER
fixed length control field 01164cam a2200301 i 4500
001 - CONTROL NUMBER
control field 5731
003 - CONTROL NUMBER IDENTIFIER
rucl marc code BD-RjUL
005 - DATE AND TIME OF LATEST TRANSACTION
control field 20211208234122.0
008 - FIXED-LENGTH DATA ELEMENTS--GENERAL INFORMATION
fixed length control field 140107s1978 cau b 001 0 eng
035 ## - SYSTEM CONTROL NUMBER
System control number (BD-RjUL)5770
040 ## - CATALOGING SOURCE
Original cataloging agency DLC
Transcribing agency DLC
Modifying agency DLC
-- BD-RjUL
Language of cataloging eng
041 ## - LANGUAGE CODE
Language code of text/sound track or separate title eng
082 00 - DEWEY DECIMAL CLASSIFICATION NUMBER
Classification number 300.72073
Author mark and year EVA 1978
245 00 - TITLE STATEMENT
Title Evaluating federally sponsored programs /
Statement of responsibility, etc. Charlotte C. Rentz, R. Robert Rentz, issue editors.
260 ## - PUBLICATION, DISTRIBUTION, ETC. (IMPRINT)
Place of publication, distribution, etc. San Francisco :
Name of publisher, distributor, etc. Jossey-Bass,
Date of publication, distribution, etc. c1978.
300 ## - PHYSICAL DESCRIPTION
Pagination ix, 98 p. ;
Size 24 cm.
504 ## - BIBLIOGRAPHY, ETC. NOTE
Bibliography, etc Includes bibliographies and index.
650 #0 - SUBJECT ADDED ENTRY--TOPICAL TERM
Topical term or geographic name as entry element Evaluation research (Social action programs)
Geographic subdivision United States.
9 (RLIN) 17506
Topical term or geographic name as entry element Educational accountability
Geographic subdivision United States.
9 (RLIN) 17986
Topical term or geographic name as entry element Federal aid to law enforcement agencies
Geographic subdivision United States
General subdivision Evaluation.
9 (RLIN) 17987
700 1# - ADDED ENTRY--PERSONAL NAME
Personal name Rentz, Charlotte C.
Personal name Rentz, R. Robert.
856 ## - ELECTRONIC LOCATION AND ACCESS
Uniform Resource Identifier <a href="http://www.worldcat.org/title/evaluating-federally-sponsored-programs/oclc/4283656&referer=brief_results">http://www.worldcat.org/title/evaluating-federally-sponsored-programs/oclc/4283656&referer=brief_results</a>
942 ## - ADDED ENTRY ELEMENTS (KOHA)
Source of classification or shelving scheme Dewey Decimal Classification
Koha item type Books
Holdings
Lost status Source of classification or shelving scheme Damaged status Not for loan Collection code Permanent Location Current Location Shelving location Date acquired Source of acquisition Total Checkouts Full call number Date last seen Copy number Koha item type
  Dewey Decimal Classification   Not For Loan Non-fiction Central Library, University of Rajshahi Central Library, University of Rajshahi   03/09/1985 Asia foundation   300.72073 EVA 1978 07/01/2014 C-1 Books